| 000 | 00581nam a2200217Ia 4500 | ||
|---|---|---|---|
| 003 | OSt | ||
| 005 | 20220928133243.0 | ||
| 006 | a|||||r|||| 00| 0 | ||
| 007 | ta | ||
| 008 | 220927b |||||||| |||| 00| 0 eng d | ||
| 024 | _a30421 | ||
| 037 | _cTextual | ||
| 040 |
_aSDCL _cSDCL _beng |
||
| 041 |
_2eng _aeng |
||
| 082 | _aV2'M6<K, J3.1 | ||
| 100 |
_aWoodruff Philip _9484905 |
||
| 245 | 0 |
_aMen who ruled India _b The founder |
|
| 260 |
_aLondon _bAlden Press _c1953 |
||
| 942 |
_hV2'M6<K, J3.1 _cTEXL _2CC |
||
| 999 |
_c798563 _d798563 |
||